000 00503nam a2200205Ia 4500
005 20140313083852.0
008 140130s9999 xx 000 0 und d
020 _a0439679532
050 _aPZ 7
_b.N723Pl 2004
100 _aNolen, Jerdine
245 _cJerdine Nolen
_aPlantzilla /
260 _bScholastic,
_c2004.
_aSan Diego :
300 _a1 v. (unpaged) :
_bcol. ill. ;
_c24 cm.
440 _v1
521 _aG2
526 _c460
942 _cBK
_2lcc
999 _c40412
_d40412